| 000 | 00362nam a22001457a 4500 | ||
|---|---|---|---|
| 999 |
_c12184 _d12184 |
||
| 020 | _a97896948447 | ||
| 082 | _a629.83 | ||
| 100 | _aS K Hasnain | ||
| 245 | _aControl Systems for Engineers theory and worked examples | ||
| 250 | _aFirst Edition | ||
| 260 |
_aKarachi _bParamount _c2011 |
||
| 300 | _a553 | ||
| 650 | _aElectrical Engineering | ||
| 942 | _cBK | ||